[Event "Vilnius"]
[Site "Vilnius"]
[Date "1978.??.??"]
[Round "2"]
[White "Dvorietzky, Mark I"]
[Black "Kaiszauri, Konstanty"]
[Result "0-1"]
[WhiteElo "2525"]
[BlackElo "2420"]

1.c4 f5 2.Nf3 Nf6 3.g3 g6 4.Bg2 Bg7 5.O-O O-O 6.d4 d6 7.Nc3 c6 8.d5 e5 9.dxc6 bxc6
10.b3 Qe7 11.Ba3 Rd8 12.e4 Na6 13.Re1 Nxe4 14.Nxe4 fxe4 15.Nd2 Nc5 16.Nxe4 Nxe4
17.Bxe4 Bb7 18.Qc2 Qf7 19.Bb2 d5 20.Bg2 Re8 21.Re3 a5 22.Rae1 d4 23.R3e2 c5
24.Bxb7 Qxb7 25.f4 e4 26.Qb1 e3 27.f5 Qe4 28.Qxe4 Rxe4 29.fxg6 hxg6 30.Kg2 a4
31.Bc1 axb3 32.axb3 Ra1 33.Kf3 Re6 34.Bb2 Ra8 35.Bc1 Rb8 36.Ba3 Rxb3 37.Bxc5 d3
38.Rxe3 d2 39.Rd1 Rexe3+ 40.Bxe3 Bh6 41.Rxd2 Rxe3+ 42.Kf2 Rc3 43.Rd8+ Kf7
44.Rd7+ Ke6 45.Rc7 Be3+ 46.Kg2 Kf5 47.Rf7+ Kg5 48.Re7 Rc2+ 49.Kf3 Bg1 50.h4+ Kf6
51.Re4 Bh2 52.Re3 Rxc4 53.Rd3 Bg1 54.Rd6+ Kg7 55.Rd3 Bd4 56.Ra3 Be5 57.Kg2 Rc3
58.Rxc3 Bxc3 59.Kf2 Kh6 60.g4 Bb4 61.Kf3 Be7  0-1

[Event "IBM-B"]
[Site "Amsterdam"]
[Date "1979.??.??"]
[Round "5"]
[White "Bohm, Hans"]
[Black "Enklaar, Bertus F"]
[Result "1/2-1/2"]
[WhiteElo "2410"]
[BlackElo "2400"]

1.d4 f5 2.c4 Nf6 3.g3 g6 4.Bg2 Bg7 5.Nf3 O-O 6.O-O e6 7.Nc3 d6 8.b3 Qe7 9.Ba3 Nc6
10.Re1 Ne4 11.Rc1 a5 12.Bb2 Nxc3 13.Bxc3 e5 14.d5 Nd8 15.e3 Nf7 16.Nd2 e4
17.Bxg7 Kxg7 18.f4 h5 19.h4 c5 20.dxc6 bxc6 21.Nb1 Qf6 22.Nc3 Re8 23.Qd2 Kg8
24.Red1 Rd8 25.Bf1 Kf8 26.Na4 Be6 27.Kf2 Ra7 28.Be2 Rb8 29.Rc2 Ke7 30.Qc1 Ke8
31.Rcd2 Bd7 32.Qa3 c5 33.Rc2 Rb4 34.Nc3 Bc6 35.Nd5 Bxd5 36.cxd5 Nh6 37.Rc4 Qg7
38.Rd2 Kd8 39.Qc1 Ng8 40.Ke1 Nf6 41.Qc3 Ne8 42.Qxg7 Rxg7 43.Rxb4 axb4 44.Bb5 Nf6
45.Kd1 Ra7 46.Kc1 Ra5 47.Bc4 Ra3 48.Kb2 Nd7 49.Rc2 Nb6 50.Rc1 Nd7 51.Rd1 Nf6
52.Rd2 Ng4 53.Re2 Ke7 54.Bb5 Ra5 55.Bc4 Nf6 56.Rd2 Nd7 57.Rc2 Nb6 58.Rc1 Kf6
59.Rc2  1/2-1/2

[Event "COL-ch"]
[Site "Bogota"]
[Date "1980.??.??"]
[Round "?"]
[White "Ruiz, Alciguel"]
[Black "Campora, Daniel H"]
[Result "0-1"]
[WhiteElo "2200"]
[BlackElo "2415"]

1.Nf3 f5 2.d4 Nf6 3.g3 g6 4.Bg2 Bg7 5.c4 O-O 6.O-O d6 7.b3 e5 8.Nc3 e4 9.Ne1 c5
10.Nc2 Nc6 11.Bb2 Qe7 12.Qd2 Rd8 13.Rad1 d5 14.cxd5 Nxd5 15.Nxd5 Rxd5 16.e3 b6
17.Qe2 Bb7 18.Ba3 a5 19.Qc4 Nb4 20.Bxb4 cxb4 21.f3 Rc8 22.Qe2 Rd7 23.Ne1 Rc3
24.fxe4 Bxe4 25.Nf3 Bh6 26.Rfe1 Rxe3 27.Qxe3 Bxe3+ 28.Rxe3 Qd6 29.Ng5 Bxg2
30.Kxg2 h6 31.Nf3 f4 32.gxf4 Qxf4 33.Rde1 Rf7 34.h3 Kg7 35.d5 h5 36.Ne5 Qg5+  0-1

[Event "Wch U20"]
[Site "Dortmund"]
[Date "1980.??.??"]
[Round "7"]
[White "Toro Sanchez, Bernardo"]
[Black "Akesson, Ralf"]
[Result "1/2-1/2"]
[WhiteElo "2265"]
[BlackElo "2230"]

1.d4 f5 2.Nf3 Nf6 3.g3 g6 4.Bg2 Bg7 5.O-O O-O 6.c4 d6 7.Qc2 c6 8.Nc3 Qc7
9.b3 a5 10.Bb2 Na6 11.Rad1 e5 12.dxe5 dxe5 13.a3 Be6 14.Na4 Ne4 15.Nc3 Nec5
16.Na2 h6 17.b4 axb4 18.Nxb4 g5 19.h3 f4 20.g4 Rae8 21.Nxa6 bxa6 22.Nd2 h5
23.gxh5 Bf5 24.Ne4 Bh8 25.f3 Qh7 26.Rd6 Qxh5 27.Qc3 Ne6 28.Nf2 Nd4 29.Qd2 Rd8
30.Rxd8 Rxd8 31.Bxd4 Rxd4 32.Qb2 Qf7 33.Qb8+ Kh7 34.Ng4 Qxc4 35.Qe8 Bxg4
36.fxg4 Rd2 37.Qh5+ Kg8 38.Qxg5+ Bg7 39.Rb1 Qd4+ 40.Kh2 Rb2 41.Rxb2 Qxb2
42.Qd8+ Bf8 43.Qg5+ Bg7  1/2-1/2

[Event "Favorite"]
[Site "Hamburg"]
[Date "1980.??.??"]
[Round "4"]
[White "Holm Petersen, Sejer"]
[Black "Clemens, Christian"]
[Result "1/2-1/2"]
[WhiteElo "2395"]
[BlackElo "2360"]

1.d4 f5 2.g3 Nf6 3.Bg2 g6 4.Nf3 Bg7 5.O-O O-O 6.c4 d6 7.Nc3 c6 8.d5 e5 9.dxe6 Bxe6
10.Qd3 Na6 11.Ng5 Re8 12.Nxe6 Rxe6 13.Bg5 h6 14.Bd2 Qe7 15.Rae1 Rd8 16.Qc2 d5
17.cxd5 cxd5 18.e3 Ne4 19.Rd1 Kh7 20.Nxe4 dxe4 21.Ba5 Rxd1 22.Rxd1 Nb4 23.Bxb4 Qxb4
24.Bf1 Rc6  1/2-1/2

[Event "Makarczyk mem"]
[Site "Lodz"]
[Date "1980.??.??"]
[Round "3"]
[White "Inkiov, Ventzislav"]
[Black "Kirov, Nino"]
[Result "1/2-1/2"]
[WhiteElo "2435"]
[BlackElo "2455"]

1.Nf3 f5 2.g3 Nf6 3.Bg2 g6 4.O-O Bg7 5.d4 O-O 6.c4 d6 7.Nc3 Nc6 8.d5 Ne5
9.Nxe5 dxe5 10.Qb3 e4 11.Bf4 Nh5 12.Be3 Nf6 13.Bf4 Nh5 14.Be3 Nf6 15.Bf4 Nh5  1/2-1/2

[Event "Lone Pine"]
[Site "Lone Pine"]
[Date "1980.??.??"]
[Round "1"]
[White "Rind, Bruce"]
[Black "Panno, Oscar"]
[Result "0-1"]
[WhiteElo "2395"]
[BlackElo "2540"]

1.c4 g6 2.Nf3 Bg7 3.d4 f5 4.g3 Nf6 5.Bg2 O-O 6.O-O c6 7.Nc3 d6 8.d5 Qb6 9.Qc2 Qa6
10.Nd2 cxd5 11.cxd5 Nbd7 12.b4 Ne5 13.Bb2 Bd7 14.Rfc1 Rac8 15.Qb3 Bh6 16.Rc2 Qb6
17.a4 Nfg4 18.Rf1 Bxd2 19.Rxd2 Nc4 20.Rc2 f4 21.Ne4 Nxb2 22.Rxb2 Bf5 23.Nd2 fxg3
24.hxg3 Qd4 25.Nf3 Qc4 26.Qxc4 Rxc4 27.Nd2 Rc3 28.Nb1 Bxb1 29.Rbxb1 Rc2 30.Bf3 Ne5
31.Be4 Rxe2 32.Bg2 Nd3 33.f4 Rc8 34.Rfd1 Re3 35.Kh2 Rc2 36.Rb3 Rxg2+ 37.Kxg2 Nxf4+
38.gxf4 Rxb3 39.Re1 Kf7 40.b5 Rb4 41.Rf1 Rxa4 42.f5 g5 43.Kg3 h5 44.Rc1 Rb4
45.Rc7 Rxb5 46.f6 Kxf6  0-1

[Event "Yerevan"]
[Site "Yerevan"]
[Date "1980.??.??"]
[Round "6"]
[White "Karlsson, Lars"]
[Black "Knezevic, Milorad"]
[Result "1/2-1/2"]
[WhiteElo "2405"]
[BlackElo "2490"]

1.Nf3 f5 2.g3 Nf6 3.Bg2 g6 4.O-O Bg7 5.c4 O-O 6.d4 d6 7.Nc3 Nc6 8.d5 Na5
9.Nd2 c5 10.Rb1 e5 11.dxe6 Bxe6 12.Nd5 Rb8 13.b3 b5 14.Nf4 Bf7 15.cxb5 Rxb5
16.e4 g5 17.Nd5 Nxd5 18.exd5 Qa8  1/2-1/2

[Event "Bundesliga 8081"]
[Site "Germany"]
[Date "1981.??.??"]
[Round "?"]
[White "Schmidt, Bodo"]
[Black "Borngaesser, Rene"]
[Result "1/2-1/2"]
[WhiteElo "2390"]
[BlackElo "2360"]

1.d4 f5 2.g3 Nf6 3.Bg2 g6 4.Nf3 Bg7 5.O-O O-O 6.c4 d6 7.Nc3 c6 8.d5 e5 9.dxe6 Bxe6
10.Qd3 Na6 11.Bf4 Qa5 12.Rad1 d5 13.Ng5 Nc5 14.Qb1 dxc4 15.Bd6 Rfe8 16.b4 cxb3
17.Bxc5 Qxc5 18.Nxe6 Rxe6 19.Qxb3 Re8 20.e4 Kh8 21.exf5 gxf5 22.Rc1 Qe7 23.Qa4 a6
24.Bh3 Re5 25.Qc2 Ne4 26.Nxe4 fxe4 27.Rcd1 Rd5 28.Bg2 Rxd1 29.Qxd1 e3 30.fxe3 Qxe3+
31.Kh1 Qe7 32.Qh5 Rf8 33.Rd1 c5 34.Qd5 b5 35.Rf1 c4 36.h4 Rd8 37.Qf5 Rf8
38.Qd5 Rd8 39.Qf5 Qd7 40.Qh5 Qd3 41.Re1 Qg6 42.Qxg6 hxg6 43.Be4 Re8 44.Kg2 Bc3
45.Re2 Kg7 46.Kf3 Bd4 47.Bb7 Rf8+ 48.Ke4 Re8+ 49.Kf3 Rxe2 50.Kxe2 b4 51.Bxa6  1/2-1/2

[Event "Helsingor+"]
[Site "Helsingor"]
[Date "1981.??.??"]
[Round "3"]
[White "Bjerring, Kai"]
[Black "Andersen, Ib"]
[Result "0-1"]
[WhiteElo "2325"]
[BlackElo "2240"]

1.Nf3 f5 2.d4 Nf6 3.c4 g6 4.g3 Bg7 5.Bg2 O-O 6.O-O d6 7.d5 c5 8.Nc3 Na6 9.Rb1 Bd7
10.a3 Rc8 11.h3 Nc7 12.a4 a6 13.b4 Na8 14.b5 axb5 15.axb5 Nb6 16.Nd2 f4 17.Bb2 fxg3
18.fxg3 Bh6 19.Rf4 Nh5 20.Rxf8+ Qxf8 21.Nce4 Be3+ 22.Kh2 Bf5 23.g4 Bxd2 24.Qxd2 Nxc4
25.Qc1 Bxe4 26.Bxe4 Qf2+ 27.Bg2 Ne3  0-1

[Event "NOR-ch"]
[Site "Kirkenes"]
[Date "1981.??.??"]
[Round "?"]
[White "Helmers, Knut J"]
[Black "Svedenborg, Dag"]
[Result "1/2-1/2"]
[WhiteElo "2415"]
[BlackElo "2200"]

1.Nf3 g6 2.d4 Bg7 3.c4 f5 4.g3 Nf6 5.Bg2 O-O 6.O-O d6 7.Nc3 c6 8.d5 e5 9.dxe6 Bxe6
10.Qd3 h6 11.Bf4 d5 12.Rad1 Na6 13.Qe3 Re8 14.Qc1 Kh7 15.Be5 Rc8 16.cxd5 Bxd5
17.Nxd5 Nxd5 18.Bxg7 Kxg7 19.e3 Qe7 20.h4 Nf6 21.Qc3 Kh7 22.Nd4 Nc5 23.Qa5 b6
24.Qa3 Nce4 25.Qxe7+ Rxe7 26.Bh3 Rcc7 27.Kg2 c5 28.Nxf5 gxf5 29.Bxf5+ Kg7
30.f3 Nxg3 31.Kxg3 Rxe3 32.Kf2 Re5 33.Rg1+ Kf7 34.Bg6+ Ke6 35.f4 Rd5 36.Rge1+ Kd6
37.Kf3 Rxd1 38.Rxd1+ Ke6 39.Re1+ Kd6 40.Bf5 Rf7 41.Bd3 Nd5 42.f5 Re7 43.Rd1 Re3+
44.Kf2 Re5 45.a4 Ne3 46.Rd2 Ke7  1/2-1/2

[Event "Ljubljana"]
[Site "Ljubljana"]
[Date "1981.??.??"]
[Round "10"]
[White "Bukic, Enver"]
[Black "Rakic, Tomislav"]
[Result "1/2-1/2"]
[WhiteElo "2485"]
[BlackElo "2440"]

1.d4 f5 2.Nf3 Nf6 3.g3 g6 4.Bg2 Bg7 5.O-O O-O 6.c4 d6 7.Nc3 c6 8.d5 e5 9.dxe6 Bxe6
10.b3 Na6 11.Bb2 Nc5 12.Ng5 Qe7 13.Qd2 Rad8 14.Nxe6 Qxe6 15.Rad1 Rfe8 16.Qc2 Nce4
17.Nxe4 Nxe4 18.Bxg7 Kxg7 19.Rd3 Nf6 20.e3 Rd7 21.Rfd1 Red8 22.Qb2 Qe5 23.Qa3 a6
24.Qb4 Kf7 25.Qb6 Ke7 26.b4 Ne4 27.f4 Qe6 28.Qd4 Nf6 29.a4 Rc8  1/2-1/2

[Event "POL-chT"]
[Site "Lubniewice"]
[Date "1981.??.??"]
[Round "5"]
[White "Kawczynski, Leslaw"]
[Black "Sznapik, Krzysztof"]
[Result "1-0"]
[WhiteElo "2200"]
[BlackElo "2255"]

1.Nf3 g6 2.d4 Bg7 3.c4 f5 4.g3 Nf6 5.Bg2 O-O 6.O-O d6 7.Nc3 Nc6 8.b3 e5 9.dxe5 dxe5
10.Ba3 Re8 11.Qxd8 Nxd8 12.Nb5 Ne6 13.Nxe5 Ng4 14.Nxg4 Bxa1 15.Nh6+ Kg7 16.Nxf5+ gxf5
17.Rxa1 a6 18.Nc3 c6 19.e4 f4 20.Bb2 Kf7 21.e5 Ng5 22.Ne4 Nxe4 23.Bxe4 Bh3
24.Bxh7 Rad8 25.Bc3 Ke6 26.Re1 Bf5 27.Bxf5+ Kxf5 28.Ba5 Rd7 29.Kg2 Rxe5 30.g4+ Ke6
31.Kf3 Rxe1 32.Bxe1 Rd1 33.Bb4 Rd4 34.h4 b6 35.Bf8 Kf7 36.Bh6 Rd2 37.Bxf4 Rxa2
38.h5 Rb2 39.g5 Rxb3+ 40.Kg4 Rb4 41.Be5 Rxc4+ 42.Kf5 Rh4 43.g6+ Kg8 44.Kg5 Rh1
45.h6 a5 46.h7+ Rxh7 47.gxh7+ Kxh7 48.Bc7 Kg7 49.Bxb6 a4 50.Bc5 Kf7 51.Kf5  1-0

[Event "Viking"]
[Site "Oslo"]
[Date "1981.??.??"]
[Round "6"]
[White "Villeneuve, Alain"]
[Black "Akesson, Ralf"]
[Result "1-0"]
[WhiteElo "2295"]
[BlackElo "2305"]

1.d4 f5 2.g3 Nf6 3.Bg2 g6 4.Nf3 Bg7 5.O-O O-O 6.c4 d6 7.Nc3 c6 8.d5 Bd7 9.Nd4 Qb6
10.e3 Na6 11.b3 Nc5 12.Bb2 a5 13.Rb1 Rfc8 14.Qe2 a4 15.Ba1 axb3 16.axb3 cxd5
17.Nxd5 Nxd5 18.Bxd5+ e6 19.Bg2 Na6 20.b4 Nxb4 21.Bc3 Ra4 22.Rfc1 Qc5 23.Bxb7 Na2
24.Bxc8 Nxc1 25.Rxc1 Bxc8 26.Nb3 Qxc4 27.Qb2 Bxc3 28.Rxc3 Qa6 29.Rc7 e5 30.Nd2 Ra1+
31.Nb1 f4 32.exf4 Ra5 33.Qb3+ d5 34.Qb8  1-0

[Event "Pamporovo"]
[Site "Pamporovo"]
[Date "1981.??.??"]
[Round "6"]
[White "Lukacs, Peter"]
[Black "Radev, Nikolai"]
[Result "1-0"]
[WhiteElo "2465"]
[BlackElo "2360"]

1.d4 f5 2.g3 Nf6 3.Bg2 g6 4.Nf3 Bg7 5.O-O O-O 6.c4 d6 7.Nc3 c6 8.d5 e5 9.dxe6 Bxe6
10.b3 Na6 11.Bb2 Qe7 12.Ng5 Rad8 13.Nxe6 Qxe6 14.Qc2 Nc5 15.Rad1 a5 16.e3 Qe7
17.Rd2 Rfe8 18.Rfd1 Qc7 19.Ba1 Kh8 20.a3 Kg8 21.b4 axb4 22.axb4 Nce4 23.Nxe4 Nxe4
24.Bxg7 Kxg7 25.Rd4 Nf6 26.h3 h5 27.Qb2 Re5 28.R1d2 Qe7 29.R4d3 Kh7 30.b5 cxb5
31.cxb5 b6 32.Rc2 Rc5 33.Qb3 Kg7 34.Bc6 h4 35.gxh4 Rxc2 36.Qxc2 Qe5 37.Qa4 d5
38.Qa7+ Kh6 39.Qxb6 Rg8 40.Qd4 Qxd4 41.Rxd4 Rb8 42.Kg2 Kg7 43.Ra4 Ne4 44.Bxd5 Nc3
45.Ra7+ Kf6 46.Bc4 Nxb5 47.Rf7+ Ke5 48.f4+ Kd6 49.Bxb5 Rxb5 50.Rf6+ Ke7 51.Rxg6 Kf7
52.h5 Rb3 53.Kf3  1-0

[Event "BUL-ch"]
[Site "Sofia"]
[Date "1981.??.??"]
[Round "12"]
[White "Velikov, Petar"]
[Black "Ermenkov, Evgenij"]
[Result "1/2-1/2"]
[WhiteElo "2460"]
[BlackElo "2490"]

1.d4 f5 2.Nf3 g6 3.g3 Bg7 4.Bg2 Nf6 5.O-O O-O 6.c4 d6 7.Nc3 c6 8.b3 a5 9.Bb2 Na6
10.a3 Qc7 11.d5 e5 12.dxe6 Bxe6  1/2-1/2

[Event "Svendborg"]
[Site "Svendborg"]
[Date "1981.??.??"]
[Round "8"]
[White "Donner, Jan Hein"]
[Black "Pedersen, Jens Otto"]
[Result "1/2-1/2"]
[WhiteElo "2465"]
[BlackElo "2230"]

1.d4 f5 2.g3 Nf6 3.Bg2 g6 4.Nf3 Bg7 5.O-O O-O 6.c4 d6 7.Nc3 Nc6 8.d5 Na5
9.Qa4 c5 10.dxc6 bxc6 11.Nd4 Bd7 12.Nxc6 Nxc6 13.Bxc6 Bxc6 14.Qxc6 Rc8 15.Qa4 Qd7
16.b3 d5 17.Qxd7 Nxd7 18.Bd2 dxc4 19.Rac1 Nb6 20.Nb1 cxb3 21.axb3  1/2-1/2

[Event "Vrnjacka Banja"]
[Site "Vrnjacka Banja"]
[Date "1981.??.??"]
[Round "14"]
[White "Djukic, Zeljko"]
[Black "Haik, Aldo"]
[Result "1-0"]
[WhiteElo "2425"]
[BlackElo "2405"]

1.d4 f5 2.g3 Nf6 3.Bg2 g6 4.Nf3 Bg7 5.O-O O-O 6.c4 d6 7.b3 c5 8.Bb2 Ne4 9.Qc1 Qa5
10.dxc5 Bxb2 11.Qxb2 Qxc5 12.e3 Nd7 13.Nc3 Ndf6 14.Rad1 Be6 15.Rd4 Rab8 16.Nxe4 Nxe4
17.Nd2 Nf6 18.b4 Qc7 19.Rc1 b6 20.Rd3 Bf7 21.Rdc3 Rfc8 22.Qc2 Qd7 23.b5 d5
24.cxd5 Rxc3 25.Qxc3 Nxd5 26.Qe5 Rd8 27.Nf3 Qxb5 28.Ng5 Qd3 29.Bxd5 Qxd5
30.Qxe7 Re8 31.Qxa7 Qxa2 32.Qxb6 Qd2 33.Qc7 Re7 34.Qc8+ Kg7 35.Nxf7 Rxf7
36.h4 Qd6 37.Qe8 Rf8 38.Qb5 Qe7 39.Qb6 Rf7 40.Qd4+ Qf6 41.Qf4 Qb2 42.Rc8 Qb1+
43.Kh2 Qb2 44.h5 Rd7 45.h6+ Kf6 46.g4 Rd2 47.Kg3 Qa1 48.g5+ Ke7 49.Qc7+ Rd7
50.Qc5+ Rd6 51.Rc7+ Ke6 52.Qc4+ Rd5 53.Rc6+  1-0

[Event "Caorle op"]
[Site "Caorle"]
[Date "1982.??.??"]
[Round "3"]
[White "Grand, Pascal"]
[Black "Petit Bon, Ivan"]
[Result "0-1"]
[WhiteElo "2000"]
[BlackElo "2000"]

1.d4 f5 2.g3 g6 3.Bg2 Bg7 4.Nf3 Nf6 5.O-O O-O 6.c4 d6 7.Nc3 Nc6 8.d5 Na5
9.Nd2 c5 10.Rb1 b6 11.a3 Bd7 12.b3 Qe8 13.e4 Ng4 14.Ne2 g5 15.Bb2 f4 16.Bxg7 Kxg7
17.Nf3 fxg3 18.Nxg3 Qg6 19.Qd2 Rf4 20.Qc3+ Kg8 21.h3 Nh6 22.Nh2 Raf8 23.Rb2 Nb7
24.e5 Be8 25.e6 Qg7 26.Qxg7+ Kxg7 27.Ne2 R4f6 28.Be4 Na5 29.Kg2 b5 30.Bd3 a6
31.Nc3 bxc4 32.bxc4 Rf4 33.Ne2 Rh4 34.Rc1 g4 35.hxg4 Nxg4 36.Nxg4 Rxg4+ 37.Ng3 Bg6
38.Be2 Rg5 39.Rb6 h5 40.Rh1 Rf4 41.Bxh5 Nxc4 42.Rxa6 Rxd5 43.Bxg6 Kxg6 44.Ra7 Rd2
45.Rxe7 Rfxf2+ 46.Kh3 Rf8 47.Re1 Rh8+ 48.Kg4 Ne5+ 49.Rxe5 dxe5 50.Rc7 Rd4+
51.Kf3 Re8 52.e7 Kf7 53.Ke3 Rxe7 54.Rxc5 Ra4 55.Nf5 Re6  0-1

[Event "Luzern ol (Men)"]
[Site "Luzern"]
[Date "1982.??.??"]
[Round "10"]
[White "Frias, Victor J"]
[Black "Leow Leslie M"]
[Result "1-0"]
[WhiteElo "2440"]
[BlackElo "2375"]

1.d4 f5 2.Nf3 Nf6 3.g3 g6 4.Bg2 Bg7 5.O-O O-O 6.c4 d6 7.Nc3 c6 8.d5 Bd7 9.Rb1 a5
10.Nd4 Qc7 11.e4 fxe4 12.Nxe4 Nxe4 13.Bxe4 Na6 14.Be3 Nc5 15.Bg2 e5 16.Nb3 Nxb3
17.dxc6 bxc6 18.Qxb3 Rab8 19.Qa3 Be6 20.Rfd1 Rfd8 21.Bd2 Ra8 22.Rbc1 a4 23.Bg5 Rd7
24.b4 Bf5 25.h3 h6 26.Be3 g5 27.b5 e4 28.Bd4 Bf8 29.Re1 cxb5 30.cxb5 Qb7
31.Bf1 d5 32.Qe3 Rf7 33.b6 Rc8 34.Rxc8 Bxc8 35.Rc1 Qd7 36.Rc7 Qe6 37.Qc1 Bb7
38.Be2 e3 39.Qxe3 Qxe3 40.Bxe3 Bd6 41.Rc2 Re7 42.Kf1 Bxg3 43.fxg3  1-0

[Event "Luzern ol (Men)"]
[Site "Luzern"]
[Date "1982.??.??"]
[Round "12"]
[White "Li Zunian"]
[Black "Bhend, Edwin"]
[Result "1-0"]
[WhiteElo "2410"]
[BlackElo "2380"]

1.d4 f5 2.g3 Nf6 3.Bg2 g6 4.Nf3 Bg7 5.O-O O-O 6.c4 d6 7.Nc3 c6 8.d5 e5 9.dxe6 Bxe6
10.b3 Na6 11.Bf4 Re8 12.Ng5 Nh5 13.Nxe6 Rxe6 14.Bd2 Nf6 15.Rc1 Qe7 16.e4 fxe4
17.Bh3 Nc5 18.Bxe6+ Qxe6 19.Bg5 Nd3 20.Rc2 d5 21.Re2 Qh3 22.Bxf6 Bxf6 23.Rxe4 dxe4
24.Nxe4 Rd8 25.Nxf6+ Kg7 26.Ng4 Rd4 27.Ne5 Qf5 28.Nxd3 Rxd3 29.Qe2 Rd7 30.h4 h5
31.Re1 Qf6 32.Kg2 a6 33.Qe8 Rd2 34.Qe7+ Qf7 35.Qc5 Kg8 36.Re4 Rd7 37.Qe3 Kg7
38.Re6 Kh7 39.Qe5 Qg7 40.Qe4 Rd4 41.Qe3 Rd7 42.a4 Qf7 43.Qe4 Qg7 44.Re5 Kg8
45.Rg5 Kf7 46.g4 Rd4 47.Qf3+ Qf6 48.Qxf6+ Kxf6 49.gxh5 gxh5 50.Rxh5 Rd3 51.b4 Rd4
52.Rh7 Rxc4 53.Rxb7 a5 54.bxa5 Rxa4 55.Ra7 Rxh4 56.Ra8 Kf5 57.a6 Rh7 58.Rc8 Kf4
59.Rxc6 Rg7+ 60.Kf1 Rh7 61.Rc4+  1-0

[Event "Baku"]
[Site "Baku"]
[Date "1983.??.??"]
[Round "?"]
[White "Sideif Sade, Fikret I"]
[Black "Malaniuk, Vladimir P"]
[Result "1/2-1/2"]
[WhiteElo "2355"]
[BlackElo "2485"]

1.d4 f5 2.g3 Nf6 3.Bg2 g6 4.Nf3 Bg7 5.O-O O-O 6.c4 d6 7.Nc3 Qe8 8.Bg5 c6
9.Bxf6 Bxf6 10.e4 Qf7 11.e5 Bg7 12.Qe2 f4 13.h3 dxe5 14.dxe5 Na6 15.Rad1 h6
16.Rfe1 Be6 17.b3 Rad8 18.Kh2 Nc7 19.Ne4 Bc8 20.Nc5 b6 21.Nd3 Ne6 22.Nb4 Bb7
23.Qe4 Ba8 24.Nh4 a5 25.Rxd8 Rxd8 26.Nxc6 Rc8 27.Nxe7+ Qxe7 28.Qxg6 fxg3+
29.fxg3 Qe8 30.Bd5 Bxd5 31.cxd5 Qxg6 32.Nxg6 Rc2+ 33.Kh1 Nd4 34.Re3 Nf5 35.Rf3 Kh7
36.Nf8+ Bxf8 37.Rxf5 Bg7 38.e6 Re2 39.g4 Kg6 40.h4 Bf6 41.h5+ Kg7 42.a4 Rd2
43.g5  1/2-1/2

[Event "Elekes mem-A"]
[Site "Budapest"]
[Date "1983.??.??"]
[Round "?"]
[White "Vegh, Endre"]
[Black "Knezevic, Milorad"]
[Result "1/2-1/2"]
[WhiteElo "2375"]
[BlackElo "2435"]

1.d4 f5 2.Nf3 Nf6 3.g3 g6 4.Bg2 Bg7 5.O-O O-O 6.c4 d6 7.Nc3 c6 8.d5 e5 9.dxe6 Bxe6
10.Qd3 Na6 11.Ng5 Bc8 12.Bf4 Nh5 13.Qxd6 Nxf4 14.Qxf4 h6 15.Nf3 g5 16.Qc1 Qf6
17.Qc2 Be6 18.Rac1  1/2-1/2

[Event "Bundesliga 8283"]
[Site "Germany"]
[Date "1983.??.??"]
[Round "?"]
[White "Schmidt, Bodo"]
[Black "Ditt, Egon"]
[Result "1/2-1/2"]
[WhiteElo "2350"]
[BlackElo "2300"]

1.d4 g6 2.Nf3 Bg7 3.c4 f5 4.g3 Nf6 5.Bg2 O-O 6.O-O d6 7.b3 c6 8.Bb2 a5 9.e3 Na6
10.Nc3 Bd7 11.Ne2 Qb6 12.Rb1 Nc7 13.a3 Qa6 14.Rc1 Rae8 15.Nf4 Ne4 16.Ba1 e6
17.Nd3 Bc8 18.Re1 Rd8 19.Qc2 Rfe8 20.c5 dxc5 21.Nxc5 Nxc5 22.Bf1 Qa7 23.dxc5 e5
24.Red1 Nd5 25.Bc4 Bf6 26.Rd2 Qb8 27.Rcd1 Be6 28.e4 fxe4 29.Qxe4 Bf5 30.Qe3 Be6
31.Qe4 Bf5 32.Qe3 Be6  1/2-1/2

[Event "SVK-ch"]
[Site "Nova Bana"]
[Date "1983.??.??"]
[Round "7"]
[White "Tibensky, Robert"]
[Black "Ruckschloss, Karol"]
[Result "1/2-1/2"]
[WhiteElo "2240"]
[BlackElo "2385"]

1.d4 f5 2.c4 g6 3.Nf3 Nf6 4.g3 Bg7 5.Bg2 O-O 6.O-O d6 7.d5 e5 8.dxe6 Nc6
9.Ng5 Ne5 10.Nc3 c6 11.b3 h6 12.Nf7 Nxf7 13.exf7+ Rxf7 14.Bb2 Be6 15.Qc2 d5
16.cxd5 Nxd5 17.Rad1 Rd7 18.Nxd5 Bxd5 19.Bxd5+ Rxd5 20.Bxg7 Kxg7 21.Rxd5 Qxd5
22.Rd1 Qe6 23.Rd4 Re8 24.e3 Re7 25.Qd2 Qe5 26.h4 h5 27.Rd8 Kf7 28.Ra8 a6
29.Qd8 Re8 30.Qxe8+ Qxe8 31.Rxe8 Kxe8 32.Kf1 Ke7 33.Ke2 Kd6 34.Kd3 Kd5 35.f3 c5
36.a4  1/2-1/2

[Event "BCF-ch"]
[Site "Southport"]
[Date "1983.??.??"]
[Round "9"]
[White "Wells, Peter K"]
[Black "Lane, Gary W"]
[Result "0-1"]
[WhiteElo "2335"]
[BlackElo "2270"]

1.d4 f5 2.g3 Nf6 3.Bg2 g6 4.Nf3 Bg7 5.O-O O-O 6.c4 d6 7.Nc3 c6 8.d5 Bd7 9.Nd4 Qb6
10.e3 Na6 11.Rb1 Nc7 12.dxc6 bxc6 13.b4 e5 14.Nde2 d5 15.b5 cxb5 16.Ba3 Rfe8
17.cxd5 Rab8 18.d6 Ne6 19.Nd5 Nxd5 20.Qxd5 a5 21.Bb2 e4 22.Rfc1 Qb7 23.Qd2 Qa6
24.Bxg7 Kxg7 25.Rc7 Nf8 26.Qd4+ Kf7 27.Ra7 Qb6 28.Rc1 Re6 29.Rcc7 Qxd4 30.Nxd4 Rxd6
31.Rxa5 Ne6 32.Nxe6 Kxe6 33.Bf1 g5 34.Kg2 f4 35.gxf4 gxf4 36.a4 Rg8+ 37.Kh3 Ke5+  0-1

[Event "Trnava"]
[Site "Trnava"]
[Date "1983.??.??"]
[Round "?"]
[White "Schmidt, Wlodzimierz"]
[Black "Knezevic, Milorad"]
[Result "1/2-1/2"]
[WhiteElo "2450"]
[BlackElo "2440"]

1.d4 f5 2.Nf3 Nf6 3.g3 g6 4.Bg2 Bg7 5.c4 O-O 6.O-O d6 7.d5 c6 8.Nc3 e5 9.dxe6 Bxe6
10.b3 Na6 11.Bb2 Qe7 12.Ng5 Bd7 13.Qd2  1/2-1/2

[Event "URS-ch sf"]
[Site "Volgodonsk"]
[Date "1983.??.??"]
[Round "?"]
[White "Karpeshov, Oleg"]
[Black "Dolmatov, Sergey"]
[Result "1/2-1/2"]
[WhiteElo "2200"]
[BlackElo "2550"]

1.d4 f5 2.Nf3 Nf6 3.g3 g6 4.Bg2 Bg7 5.O-O O-O 6.c4 d6 7.Nc3 Qe8 8.d5 Na6
9.Rb1 c6 10.Nd4 Bd7 11.a3 Rc8 12.Bg5 Nc5 13.Bxf6 Bxf6 14.b4 Na6 15.Qd3 Qf7
16.e3 Rc7 17.Nce2 cxd5 18.cxd5 Kh8 19.Rbc1 Rfc8 20.Nb5 Rxc1 21.Rxc1 Rxc1+
22.Nxc1 Qe8 23.Nd4 Nc7 24.Nce2 Na8 25.h4 Nb6 26.h5 Qc8 27.hxg6 hxg6 28.Nf4 Kg7
29.Bf1 Kf7 30.g4 Qc1 31.Nde6 Qc8 32.g5  1/2-1/2

[Event "Aars"]
[Site "Aars"]
[Date "1984.??.??"]
[Round "4"]
[White "Andersen, Ch"]
[Black "Madsen, John"]
[Result "0-1"]
[WhiteElo "2200"]
[BlackElo "2265"]

1.Nf3 f5 2.g3 Nf6 3.Bg2 g6 4.d4 Bg7 5.O-O O-O 6.c4 d6 7.Nc3 Nc6 8.Qc2 e5
9.dxe5 dxe5 10.Rd1 Qe7 11.Nd5 Nxd5 12.cxd5 Nb4 13.Qb3 Qd6 14.Bd2 Na6 15.Rac1 Bd7
16.Ng5 Rfe8 17.Qc2 h6 18.Ne6 Bxe6 19.dxe6 c6 20.Bxh6 Qxe6 21.Bxg7 Kxg7 22.Qc4 Qxc4
23.Rxc4 Rad8 24.Rcc1 e4 25.a3 Kf6 26.Kf1 Nc7 27.e3 Nd5 28.h4 Rd6 29.Ke1 Red8
30.Bf1 g5 31.hxg5+ Kxg5 32.Bc4 Nf6 33.Rxd6 Rxd6 34.Rd1 Rxd1+ 35.Kxd1 Ng4
36.Ke1 Kf6 37.Be2 Ke5 38.Bc4 Kd6 39.Bf1 c5 40.Ke2 Ne5 41.Bh3 Ke6 42.Kd2 Nc4+  0-1

[Event "Albena"]
[Site "Albena"]
[Date "1984.??.??"]
[Round "?"]
[White "Spiridonov, Nikola"]
[Black "Bischoff, Klaus"]
[Result "1/2-1/2"]
[WhiteElo "2415"]
[BlackElo "2415"]

1.c4 f5 2.Nf3 Nf6 3.g3 g6 4.Bg2 Bg7 5.O-O O-O 6.d4 d6 7.Nc3 Qe8 8.d5 Na6
9.Nd4 Bd7 10.e4 fxe4 11.Nxe4 Nxe4 12.Bxe4 Nc5 13.Bg2 a5 14.Be3 Qf7 15.Rc1 Rae8
16.b3 b6 17.Rc2 Kh8 18.Re1 e5 19.dxe6 Nxe6 20.Bd5 Qf6 21.Nxe6 Bxe6 22.Bxe6 Rxe6
23.Rce2 Rfe8 24.Bg5 Rxe2 25.Rxe2 Qf8 26.Rxe8 Qxe8 27.Qd5 h6 28.Be3 Kh7 29.h4 Bf6
30.Kg2 h5 31.a4 Kg7 32.Kf3 Qd7 33.Ke2 Kf8 34.Kd2 Ke7 35.Qe4+ Kf7 36.Qb7 Ke7
37.f3 Be5 38.Qe4 Qf5 39.Qc6 Kd8 40.Bg5+ Kc8 41.f4  1/2-1/2

[Event "Augsburg"]
[Site "Augsburg"]
[Date "1984.??.??"]
[Round "?"]
[White "Lorscheid, Gerhard"]
[Black "Fleck, Juergen"]
[Result "1/2-1/2"]
[WhiteElo "2200"]
[BlackElo "2400"]

1.d4 f5 2.Nf3 Nf6 3.g3 g6 4.Bg2 Bg7 5.O-O O-O 6.c4 d6 7.b3 Nc6 8.Bb2 Ne4
9.Nbd2 e5 10.dxe5 Nxd2 11.Qxd2 dxe5 12.Qd5+ Kh8 13.Qxd8 Rxd8 14.Ng5 Re8 15.Bxc6 bxc6
16.Rad1 Kg8 17.Rd2 e4 18.Bxg7 Kxg7 19.h4 h6 20.Nh3 Kf6 21.Rfd1 a5 22.Rd8 Be6
23.Rxe8 Rxe8 24.Nf4 a4 25.Nxe6 Kxe6 26.b4 a3 27.Kf1 Ra8 28.Rb1 Ra4 29.Rb3 g5  1/2-1/2

[Event "Thessaloniki ol (Women)"]
[Site "Thessaloniki"]
[Date "1984.??.??"]
[Round "1"]
[White "Basta Sohair, F."]
[Black "Lazarevic, Milunka"]
[Result "0-1"]
[WhiteElo "1885"]
[BlackElo "2165"]

1.Nf3 f5 2.d4 Nf6 3.c4 g6 4.g3 Bg7 5.Bg2 O-O 6.O-O d6 7.Nc3 Nc6 8.Re1 e5
9.dxe5 dxe5 10.Qxd8 Rxd8 11.e4 fxe4 12.Nxe4 Nxe4 13.Rxe4 Bf5 14.Re1 Nb4 15.Bg5 Re8
16.Re2 Bd3 17.Rd2 e4 18.Ne1 Bxc4 19.Rc1 Ba6 20.Rxc7 h6 21.Rdd7 Be5 22.Bxh6 Bxc7
23.Rg7+ Kh8 24.Rxc7 Rad8 25.Bf1 Rd1 26.Bxa6 Nxa6 27.Rc1 Rxc1 28.Bxc1 Nb4
29.Be3 b6 30.a3 Nd3 31.Kf1 Kg8 32.Nxd3 exd3 33.Ke1 Rc8 34.h4 Rc2 35.Bd4 Kf7
36.g4 Ke6 37.Bc3 Kd5 38.h5 gxh5 39.gxh5 Ke4 40.h6 Rc1+ 41.Kd2 Rh1 42.f3+ Kxf3
43.Kxd3 Rxh6 44.Kc4 Rh5 45.Kd3 Rd5+ 46.Kc4 Ke4 47.Kb3 Kd3 48.a4 Rc5 49.Bf6 Ke4
50.Bg7 Kd5 51.Bf6 Rc4 52.Bg7 Rg4 53.Bf6 a5 54.Bc3 Rg3 55.Ka2 Kc4 56.Be5 Rd3
57.Bc7 Kc5 58.Be5 Re3 59.Bc3 Kc4 60.Bd2 Re2 61.Bc3 Re4 62.Bd2 Kd3 63.Bc3 Rxa4+
64.Kb3 Re4 65.Bg7 Rb4+  0-1